000 00261nam a2200085Ia 4500
008 220120s9999||||xx |||||||||||||| ||und||
100 _aKarun.R. and Rajeeva.M
_912201
245 0 _aProject management system
260 _aCoorg Institute of Technology
_bPonnampet
_c2002
999 _c137787
_d137787